01572agaaa2200277 45000010005000000030009000050050017000140070009000310080040000400400023000800410013001031000045001161300050001612450195002112500022004062600122004283000034005505110090005845200347006745380016010215460013010376500064010507000064011147000057011787000059012351034IT-RoPAU20220918181300.0d cvaizq50131s9999||||xx ||| | || ||und|| aIT-RoPAUcIT-RoPAU aITALIANO aStraus KarlgCodice regista SPICS: 34588 aULTIMI GIORNI DELL'UMANITA' (GLI)-PRIMA PARTE aULTIMI GIORNI DELL'UMANITA' (GLI)-PRIMA PARTEcProdotto da: Teatro Stabile Torin Diretto da: Straus KarlpULTIMI GIORNI DELL'UMANITA' (GLI)-PRIMA PARTE (Rif. Codice opera principale : A1034) aEdizione Standard aROMA (ITALIA)bRAI - RADIO TELEVISIONE ITALIANA / Distribuzione: RAIg"1991 (1° ed.: 1991 ; Ed. Lingua Orig.: n.d.)" aVHSbsonoro, col.c115 minuti a"Avogadro M.; Bigatto P.; Bini R.; Di; Iorio P.; Fabbri M.; Garrani I.; Giannotti C." aOPERA SULLA PRIMA GUERRA MONDIALE ALL'EX FABBRICA FIAT IL LINGOTTO. UN ETTARO DI SPAZIO COPERTO, 120 ATTORI E TECNICI 209 SCENE E 800 METRI DI BINARISU CUI SI MUOVONO NON SOLO LOCOMOTIVE E VAGONI MA AUTO D'EPOCA E LETTI D'OSPEDALE AMBULANZE E CANNONI RING DI VIENNA CON I SUOI CAFFE' E LE ROTATIVEDEI GIORNALI. COMMEDIA TEATRALE. PRIMA PARTE. aPAL, STEREO aITALIANO aCOMMEDIAeTV-TEATRO/DANZA [VHS]xCodice MATERIA SPICS: 9961 aRonconi Lucae(regista)gCodice secondo regista SPICS: 1912 aStraus Karl e(regista)gCodice regista SPICS: 34588 aStraus Karl e(soggetto)gCodice Soggetto SPICS: 34588